000 00566nam a2200193Ia 4500
999 _c9764
_d9764
003 OSt
005 20191218134850.0
008 190216s9999||||xx |||||||||||||| ||und||
020 _a0852260156
040 _coclc
082 _a330.95404
_bAGR/I
100 _aAgrawal, A N
_9515
245 0 _aIndian Economy Problems Of Development And Planning /
_cA N Agrawal
250 _a13th ed.
260 _bWiley Eastern Limited,
_c1987.
_aNew Delhi:
300 _a693p
650 _aEconomics
942 _cBK
_2ddc
_h330.95404
_iAGR/I
_k330.95404
_mAGR/I